Molecular dynamics in biological menbranes (Record no. 24906)

MARC details
000 -LEADER
fixed length control field 00439nam a2200157Ia 4500
082 ## - DEWEY DECIMAL CLASSIFICATION NUMBER
Classification number 576.314
Item number SAI
100 ## - MAIN ENTRY--AUTHOR NAME
Personal name SAIER, Milton H
245 #0 - TITLE STATEMENT
Title Molecular dynamics in biological menbranes
260 ## - PUBLICATION, DISTRIBUTION, ETC. (IMPRINT)
Name of publisher Springer Verlag
Year of publication 1975
490 ## - SERIES STATEMENT
Series statement Heidelberg science library; v 22
650 ## - SUBJECT ADDED ENTRY--TOPICAL TERM
Topical Term Biological membrane
650 ## - SUBJECT ADDED ENTRY--TOPICAL TERM
Topical Term Sensory perception
700 ## - ADDED ENTRY--PERSONAL NAME
Personal name STILE, Charles D
942 ## - ADDED ENTRY ELEMENTS (KOHA)
Koha item type Books
Holdings
Withdrawn status Lost status Damaged status Not for loan Home library Current library Date acquired Full call number Accession Number Koha item type
        RRII Library RRII Library 16/12/2021 576.314 SAI 05572 Books